[Event "Istambul98 World Children Olimp?"]
[Site "?"]
[Date "1998.??.??"]
[Round "?"]
[White "Vovsha, E."]
[Black "Akash Deep"]
[Result "1-0"]
[WhiteElo "2225"]
[BlackElo "2210"]
[PlyCount "68"]
[EventDate "1998.??.??"]
[Source "www.chesslib.no"]
[SourceDate "2004.05.04"]

1. d4 d5 2. c4 c6 3. Nf3 Nf6 4. e3 e6 5. Nc3 Nbd7 6. Bd3 dxc4 7. Bxc4 a6 8. e4 b5 9. Be2 b4 10. e5 bxc3 11. exf6 cxb2 12. fxg7 Bxg7 13. Bxb2 Rb8 14. Qd2 c5 15. O-O Qf6 16. Rab1 O-O 17. Ba3 Rxb1 18. Rxb1 cxd4 19. Bxf8 Nxf8 20. Rb8 Bd7 21. Bxa6 e5 22. Bd3 Bc6 23. Qe2 Qd6 24. Rc8 Qe6 25. Bxh7+ Kh8 26. Ng5 Qxc8 27. Qh5 Qe8 28. Bg6+ Kg8 29. Bxf7+ Qxf7 30. Qxf7+ Kh8 31. Qc4 Be8 32. a4 Bg6 33. a5 d3 34. Ne4 Bxe4 1-0

[Event "Wch U18 Girls"]
[Site "Duisburg"]
[Date "1992.??.??"]
[Round "9"]
[White "Kadimova, Ilaha"]
[Black "Jelica, Mara"]
[Result "1-0"]
[WhiteElo "2270"]
[BlackElo "2165"]
[PlyCount "63"]
[EventDate "1992.??.??"]
[Source "www.chesslib.no"]
[SourceDate "2004.05.04"]

1. d4 d5 2. c4 c6 3. Nc3 Nf6 4. e3 Nbd7 5. Nf3 e6 6. Bd3 dxc4 7. Bxc4 Bb4 8. O-O O-O 9. Qc2 c5 10. a3 Bxc3 11. bxc3 b6 12. e4 Bb7 13. e5 Nd5 14. Ng5 g6 15. Qd3 Re8 16. Qh3 Nf8 17. Ne4 Nf4 18. Bxf4 Bxe4 19. Qe3 f5 20. exf6 Bd5 21. Bb5 Qxf6 22. Be5 cxd4 23. cxd4 Qf5 24. Bxe8 Rxe8 25. Rac1 Nd7 26. Rc7 Nxe5 27. dxe5 Qe4 28. Qxe4 Bxe4 29. f3 Bd5 30. Rxa7 Rc8 31. Rb1 Rc6 32. a4 1-0

[Event "JUG-chT (Women)"]
[Site "Niksic"]
[Date "1997.??.??"]
[Round "9"]
[White "Kostic, Maja"]
[Black "Markov, Vesna"]
[Result "1-0"]
[WhiteElo "2240"]
[BlackElo "2180"]
[PlyCount "69"]
[EventDate "1997.08.27"]
[Source "ChessBase"]
[SourceDate "1997.09.26"]

1. c4 e6 2. Nf3 d5 3. d4 c6 4. Nc3 dxc4 5. e3 Nf6 6. Bxc4 Nbd7 7. O-O b5 8. Bd3 Bb7 9. b3 a6 10. Qe2 Bd6 11. e4 e5 12. Bg5 O-O 13. d5 h6 14. Bh4 Qa5 15. Rac1 cxd5 16. exd5 Nxd5 17. Nxd5 Bxd5 18. Bh7+ Kh8 19. Bf5 e4 20. Bxd7 exf3 21. Qd3 b4 22. Rcd1 fxg2 23. Rfe1 Bxh2+ 24. Kxh2 Bb7 25. Qh3 Qb6 26. Bg3 Qf6 27. Be5 g1=Q+ 28. Kxg1 Qg6+ 29. Kh2 Qb6 30. Re3 f6 31. Bf4 f5 32. Re6 Qc5 33. Rxh6+ gxh6 34. Qxh6+ Kg8 35. Be6+ 1-0

[Event "NOR-chT fin"]
[Site "Oslo"]
[Date "2002.05.08"]
[Round "1"]
[White "Ulrichsen, Jarl Henning"]
[Black "Borchgrevink, Harald"]
[Result "0-1"]
[WhiteElo "2240"]
[BlackElo "2161"]
[PlyCount "92"]
[EventDate "2002.05.08"]
[Source "ChessBase"]
[SourceDate "2002.07.08"]

1. d4 e6 2. c4 d5 3. Nc3 c6 4. e3 Nf6 5. Nf3 Nbd7 6. Be2 dxc4 7. Bxc4 b5 8. Be2 a6 9. O-O Bb7 10. b3 Be7 11. Bb2 O-O 12. Qc2 c5 13. dxc5 Nxc5 14. Rfd1 Qc7 15. Rac1 Rac8 16. Qb1 Qb8 17. b4 Ncd7 18. a4 bxa4 19. Nxa4 Be4 20. Qa1 Qxb4 21. Bc3 Qb7 22. Rd2 Nd5 23. Bd4 Rxc1+ 24. Qxc1 Rc8 25. Qa1 Bf6 26. Bxf6 N7xf6 27. h3 h6 28. Qb2 Qc6 29. Nd4 Qxa4 30. Qb7 Rc1+ 31. Kh2 Qd7 32. Qxd7 Nxd7 33. Bxa6 Nc5 34. Be2 Bg6 35. Rb2 Ne4 36. Bf3 Rf1 37. Bxe4 Bxe4 38. f3 Bd3 39. e4 Nf4 40. Nc6 Rb1 41. Ra2 Rc1 42. Ra8+ Kh7 43. Ne5 f6 44. Nd7 h5 45. e5 Kg6 46. Ra7 Rc8 0-1

[Event "Politiken Cup"]
[Site "Copenhagen"]
[Date "1999.07.06"]
[Round "4"]
[White "Olsen, Heini"]
[Black "Jensen, Henrik W"]
[Result "1-0"]
[WhiteElo "2292"]
[BlackElo "2098"]
[PlyCount "51"]
[EventDate "1999.07.04"]
[Source "ChessBase"]
[SourceDate "1999.09.14"]

1. d4 d5 2. c4 e6 3. Nf3 Nf6 4. Nc3 c6 5. e3 dxc4 6. Bxc4 Nbd7 7. O-O Be7 8. e4 O-O 9. Qe2 Nb6 10. Bb3 c5 11. dxc5 Bxc5 12. Bg5 h6 13. Bh4 g5 14. Bg3 Bd7 15. Ne5 Rc8 16. Rad1 Qe7 17. h4 Rfd8 18. hxg5 hxg5 19. Nxd7 Rxd7 20. e5 Nh7 21. Bc2 f5 22. exf6 Nxf6 23. Ne4 Bd4 24. Nxg5 Qc5 25. Qxe6+ Kg7 26. Qxd7+ 1-0

[Event "RUS-Cup2"]
[Site "Moscow"]
[Date "1996.??.??"]
[Round "3"]
[White "Glagolev, BA."]
[Black "Vinogradov, Dmitrij"]
[Result "0-1"]
[WhiteElo "2055"]
[BlackElo "2320"]
[PlyCount "32"]
[EventDate "1996.11.28"]
[Source "www.chesslib.no"]
[SourceDate "2004.05.04"]

1. d4 d5 2. c4 c6 3. Nc3 Nf6 4. e3 e6 5. Bd3 dxc4 6. Bxc4 b5 7. Bd3 Nbd7 8. Nf3 Bb7 9. O-O b4 10. Ne4 Nxe4 11. Bxe4 Be7 12. Bd2 O-O 13. Rc1 Rc8 14. Qb3 Qb6 15. Bb1 c5 16. dxc5 Nxc5 0-1

[Event "AUT-chT2S 9798"]
[Site "Austria"]
[Date "1997.10.05"]
[Round "2"]
[White "Jochinger, Ferdinand"]
[Black "Wurm, Christoph"]
[Result "1/2-1/2"]
[WhiteElo "2235"]
[BlackElo "2135"]
[PlyCount "21"]
[EventDate "1997.??.??"]
[Source "www.chesslib.no"]
[SourceDate "2004.05.04"]

1. d4 d5 2. c4 e6 3. Nc3 c6 4. e3 Nf6 5. Nf3 Nbd7 6. Be2 dxc4 7. Bxc4 b5 8. Be2 a6 9. O-O Bb7 10. a4 Bb4 11. Qb3 1/2-1/2

[Event "CZE-chTV 0102"]
[Site "?"]
[Date "2002.??.??"]
[Round "6"]
[White "Hlavacek Robert"]
[Black "Rydl Frantisek Jr"]
[Result "1-0"]
[WhiteElo "2194"]
[BlackElo "2156"]
[PlyCount "77"]
[EventDate "2002.??.??"]
[Source "www.chesslib.no"]
[SourceDate "2004.05.04"]

1. d4 d5 2. Nf3 e6 3. c4 c6 4. Nc3 Nd7 5. e3 Ngf6 6. Bd3 dxc4 7. Bxc4 b5 8. Be2 a6 9. a3 Bb7 10. b4 Bd6 11. O-O O-O 12. Qb3 Qc7 13. h3 e5 14. Bb2 exd4 15. exd4 Nb6 16. Ng5 Nbd5 17. Nge4 Nxe4 18. Nxe4 a5 19. Nc5 Bxc5 20. dxc5 Qf4 21. Rad1 Qg5 22. Rd4 Bc8 23. f4 Qe7 24. Bxb5 Qe3+ 25. Qxe3 Nxe3 26. Bxc6 Ra6 27. b5 Rxc6 28. bxc6 Nxf1 29. Kxf1 Ba6+ 30. Kf2 h6 31. c7 Rc8 32. Rd8+ Kh7 33. Be5 f6 34. Bd6 Kg6 35. Ke3 Kf5 36. g4+ Ke6 37. Kd4 g6 38. h4 h5 39. f5+ 1-0

[Event "Centrocoop June op-A"]
[Site "Eforie Nord "]
[Date "1998.??.??"]
[Round "?"]
[White "Panait, Mihai Catalin"]
[Black "Baltac, Constantin"]
[Result "1/2-1/2"]
[WhiteElo "2240"]
[BlackElo "2110"]
[PlyCount "21"]
[EventDate "1998.06.??"]
[Source "www.chesslib.no"]
[SourceDate "2004.05.04"]

1. d4 d5 2. c4 e6 3. Nf3 Nf6 4. Nc3 c6 5. e3 Nbd7 6. Bd3 dxc4 7. Bxc4 Be7 8. O-O O-O 9. a3 Qc7 10. e4 c5 11. d5 1/2-1/2

[Event "Bayernliga 2001/02"]
[Site "?"]
[Date "2002.??.??"]
[Round "6"]
[White "Trassl Franz"]
[Black "Trescher Manfred"]
[Result "1-0"]
[WhiteElo "2130"]
[BlackElo "2190"]
[PlyCount "91"]
[EventDate "2002.??.??"]
[Source "www.chesslib.no"]
[SourceDate "2004.05.04"]

1. d4 e6 2. c4 d5 3. Nc3 c6 4. e3 Nf6 5. Nf3 Nbd7 6. Be2 dxc4 7. Bxc4 b5 8. Be2 a6 9. O-O Be7 10. Qc2 Bb7 11. e4 c5 12. e5 Nd5 13. dxc5 Nxc5 14. Rd1 O-O 15. Nxd5 Bxd5 16. Qd2 Ne4 17. Qf4 Bc5 18. Nd4 Qb6 19. Be3 f6 20. Bf3 g5 21. Qg4 f5 22. Qh5 f4 23. Nxe6 Bxe3 24. Rxd5 Bxf2+ 25. Kf1 Bh4 26. Rd4 Qxe6 27. Bxe4 Qe7 28. Bxa8 Rxa8 29. Rad1 Ra7 30. Qh6 g4 31. Qd6 Bg5 32. Qxe7 Rxe7 33. Rd8+ Kf7 34. R8d7 Ke6 35. R1d6+ Kxe5 36. Rxe7+ Kxd6 37. Rxh7 Bf6 38. b3 a5 39. Rh6 Ke6 40. Rh5 Be5 41. Ke2 a4 42. bxa4 bxa4 43. Kd3 Kd5 44. h3 g3 45. Rf5 a3 46. h4 1-0

[Event "24. Open"]
[Site "?"]
[Date "2003.07.17"]
[Round "5"]
[White "Lundvik Jonas"]
[Black "Grom Waldemar"]
[Result "1-0"]
[WhiteElo "2253"]
[BlackElo "2066"]
[PlyCount "105"]
[EventDate "2003.??.??"]
[Source "www.chesslib.no"]
[SourceDate "2004.05.04"]

1. d4 d5 2. Nf3 Nf6 3. c4 c6 4. Nc3 e6 5. e3 Nbd7 6. Be2 dxc4 7. Bxc4 b5 8. Bd3 Bb7 9. e4 b4 10. Na4 Be7 11. Be3 O-O 12. Qc2 h6 13. O-O a5 14. Rfd1 Qb8 15. Nc5 Rd8 16. Rac1 Bxc5 17. dxc5 Ne5 18. Nxe5 Qxe5 19. h3 Rd7 20. f4 Qc7 21. Be2 Rad8 22. Qc4 Qc8 23. Rxd7 Rxd7 24. Kf2 Qd8 25. g3 Ne8 26. Qc2 Nc7 27. Rd1 Ba6 28. Rxd7 Qxd7 29. Qd2 Qc8 30. Bxa6 Nxa6 31. Qd6 Nb8 32. Bd4 Nd7 33. g4 Qb7 34. Qe7 Qc8 35. h4 Nf8 36. h5 f6 37. g5 hxg5 38. fxg5 Qd7 39. Qxd7 Nxd7 40. g6 e5 41. Be3 Nf8 42. Ke2 Ne6 43. Kd3 Kf8 44. a3 bxa3 45. bxa3 Ke7 46. Ke2 a4 47. Kf3 Nc7 48. Bc1 Ke6 49. Kg4 Nb5 50. h6 gxh6 51. Kh5 Ke7 52. Kxh6 Nc7 53. g7 1-0

[Event "Foment Open"]
[Site "Foment"]
[Date "1994.??.??"]
[Round "?"]
[White "Jordan Bonet, Rafael"]
[Black "Ruiz Diez, Julio Cesar"]
[Result "0-1"]
[WhiteElo "2115"]
[BlackElo "2170"]
[PlyCount "90"]
[EventDate "1994.??.??"]
[Source "www.chesslib.no"]
[SourceDate "2004.05.04"]

1. c4 e6 2. Nc3 d5 3. d4 Nf6 4. Nf3 c6 5. e3 Nbd7 6. Be2 dxc4 7. Bxc4 b5 8. Bd3 b4 9. Ne4 Nxe4 10. Bxe4 Bb7 11. Bd2 Qb6 12. O-O Be7 13. Rc1 O-O 14. Qa4 Rac8 15. Rc4 Ba6 16. Rxc6 Rxc6 17. Qxc6 Qxc6 18. Bxc6 Bxf1 19. Kxf1 Nb6 20. Bb5 Rc8 21. Ne1 Nc4 22. Bxc4 Rxc4 23. Ke2 Kf8 24. Kd3 Rc6 25. Nc2 a5 26. e4 h5 27. Ne3 Bg5 28. a3 Bxe3 29. Kxe3 Rc2 30. axb4 a4 31. Kd3 Rxb2 32. Kc3 a3 33. Bc1 Rxf2 34. Bxa3 Rxg2 35. b5+ Ke8 36. d5 exd5 37. exd5 Kd7 38. b6 Rxh2 39. Kc4 Rc2+ 40. Kb5 Rc8 41. Bc5 f5 42. Be3 Kd6 43. b7 Re8 44. Bf4+ Kxd5 45. Kb6 h4 0-1

[Event "SVK Team Ch"]
[Site "Slovakia"]
[Date "1994.??.??"]
[Round "?"]
[White "Malac, Miroslav"]
[Black "Tokos, Jozef"]
[Result "1-0"]
[WhiteElo "2130"]
[BlackElo "2145"]
[PlyCount "147"]
[EventDate "1994.??.??"]
[Source "www.chesslib.no"]
[SourceDate "2004.05.04"]

1. d4 d5 2. c4 c6 3. Nc3 Nf6 4. Nf3 e6 5. e3 Nbd7 6. Be2 dxc4 7. Bxc4 b5 8. Bd3 Bb7 9. O-O Be7 10. Qe2 O-O 11. e4 b4 12. Nb1 c5 13. e5 Nd5 14. Qe4 g6 15. Bh6 Re8 16. Nbd2 cxd4 17. Qxd4 Nc5 18. Bb5 Nd7 19. Ne4 a6 20. Ba4 Rc8 21. Rad1 Bc6 22. Bb3 Qb6 23. Nd6 Qxd4 24. Nxd4 Bxd6 25. exd6 Bb7 26. Bd2 a5 27. a3 Rb8 28. Ba4 Red8 29. Nc6 Bxc6 30. Bxc6 N7b6 31. axb4 axb4 32. Bg5 f6 33. Bh4 Rbc8 34. Bb5 Nc4 35. Ba6 Rc6 36. Bb7 Rcxd6 37. Rd4 Ncb6 38. Rfd1 R8d7 39. Bxd5 Nxd5 40. Bxf6 Kf7 41. Be5 Rc6 42. Rxb4 Rc8 43. h3 Ra7 44. Rh4 Kg8 45. Rhd4 Rb7 46. R4d2 Rc4 47. Ra1 Rc8 48. Bd4 Nb4 49. Ra7 Rxa7 50. Bxa7 Nd5 51. Bd4 Kf7 52. g3 Rc4 53. Kg2 Ne7 54. Kf3 Nd5 55. Be5 Rc5 56. Bd4 Rc4 57. Ke4 Nb4 58. Kf3 Nd5 59. Rd3 Nb4 60. Rd1 Nd5 61. Be5 Rb4 62. Ra1 Rb7 63. Bd4 Nb6 64. Rc1 Nd5 65. Rc8 Nf6 66. Ra8 Nd5 67. Ra7 Rxa7 68. Bxa7 Ke7 69. Bd4 Kd6 70. Ke4 Ne7 71. g4 Nd5 72. f4 Ne7 73. Bg7 h5 74. Bf8 1-0

[Event "Politiken Cup 24th"]
[Site "Copenhagen"]
[Date "2002.07.26"]
[Round "11"]
[White "Rasmussen, Henning"]
[Black "Howe, Dennis"]
[Result "1/2-1/2"]
[WhiteElo "2216"]
[BlackElo "2052"]
[PlyCount "122"]
[EventDate "2002.07.15"]
[Source "ChessBase"]
[SourceDate "2002.09.11"]

1. d4 d5 2. Nf3 Nf6 3. c4 e6 4. Nc3 c6 5. e3 Nbd7 6. Bd3 dxc4 7. Bxc4 Bd6 8. a3 O-O 9. e4 e5 10. dxe5 Nxe5 11. Nxe5 Bxe5 12. Qxd8 Rxd8 13. f3 b5 14. Be2 Bd4 15. Bd2 Be6 16. Nd1 Bb3 17. Bc3 Bb6 18. Nf2 Bd4 19. Nd1 a6 20. Rc1 Rac8 21. Bxd4 Rxd4 22. Ne3 c5 23. Nf5 Rd7 24. Rc3 Be6 25. Ne3 Kf8 26. Kf2 Rd2 27. Rc2 Rxc2 28. Nxc2 Bb3 29. Na1 Be6 30. Rd1 Ke7 31. Rd2 c4 32. Ke3 Nd7 33. Rc2 Nc5 34. Rc1 Kd6 35. Nc2 Na4 36. Rd1+ Ke7 37. Rb1 Kd6 38. Nd4 f6 39. Nxe6 Kxe6 40. Bd1 Nc5 41. Bc2 Rd8 42. Rd1 Rxd1 43. Bxd1 Kd6 44. Bc2 a5 45. f4 h6 46. h4 Ne6 47. b4 axb4 48. axb4 Nd8 49. Kd4 Nc6+ 50. Kc3 g6 51. g3 g5 52. Bd1 Ne7 53. Bh5 gxh4 54. gxh4 f5 55. e5+ Ke6 56. Bf3 Ng6 57. Bc6 Nxf4 58. Bxb5 Kxe5 59. Bxc4 Ng2 60. h5 Nf4 61. Bf7 Ne2+ 1/2-1/2

[Event "chw"]
[Site "?"]
[Date "1996.??.??"]
[Round "?"]
[White "Flear Christine"]
[Black "Dubois Martine"]
[Result "1-0"]
[WhiteElo "2215"]
[BlackElo "2035"]
[PlyCount "97"]
[EventDate "1996.??.??"]
[Source "www.chesslib.no"]
[SourceDate "2004.05.04"]

1. Nf3 d5 2. c4 c6 3. e3 Nf6 4. Nc3 e6 5. d4 Nbd7 6. Bd3 dxc4 7. Bxc4 Bd6 8. e4 Bb4 9. e5 Nd5 10. Qc2 a6 11. O-O b5 12. Bd3 Bxc3 13. bxc3 c5 14. Ng5 cxd4 15. cxd4 Nb4 16. Qe2 Nxd3 17. Qxd3 Bb7 18. f4 Nb6 19. f5 Qd5 20. Rf3 exf5 21. Qxf5 Qxd4+ 22. Rf2 Qd1+ 23. Rf1 Qd4+ 24. Kh1 Qd5 25. Qxf7+ Qxf7 26. Rxf7 h6 27. Rxb7 O-O-O 28. Be3 Kxb7 29. Nf7 Nc4 30. Nxh8 Rxh8 31. Bf4 Re8 32. h4 Kc6 33. Re1 Re6 34. g3 h5 35. Kg2 g6 36. Kf3 Kc5 37. Ke4 Nd6+ 38. Kf3 Nc4 39. Ke4 b4 40. Rd1 a5 41. Rd5+ Kb6 42. Rd8 Rc6 43. Kd5 Kb5 44. e6 Rc5+ 45. Kd4 Nb6 46. e7 Rc4+ 47. Kd3 Rc3+ 48. Ke2 Rc2+ 49. Kd1 1-0

[Event "NOR-chT qualifier"]
[Site "?"]
[Date "2001.??.??"]
[Round "3"]
[White "Saether Oystein"]
[Black "Bjerke Silje"]
[Result "0-1"]
[WhiteElo "2169"]
[BlackElo "2071"]
[PlyCount "90"]
[EventDate "2001.??.??"]
[Source "www.chesslib.no"]
[SourceDate "2004.05.04"]

1. d4 d5 2. Nf3 Nf6 3. e3 c6 4. c4 e6 5. Nc3 Nbd7 6. Be2 dxc4 7. Bxc4 b5 8. Be2 Bb7 9. O-O a6 10. b3 c5 11. Bb2 Bd6 12. dxc5 Nxc5 13. Qd4 Qe7 14. b4 Nce4 15. Nxe4 Bxe4 16. a4 O-O 17. axb5 axb5 18. Bxb5 Bxf3 19. gxf3 Bxb4 20. Rfd1 Rad8 21. Qc4 Bd6 22. f4 Ng4 23. h3 Nh6 24. Qc3 f6 25. Bc4 Kh8 26. Ra6 Be5 27. Rxd8 Bxc3 28. Rxf8+ Qxf8 29. Bxc3 Qc8 30. Ra4 Kg8 31. Bd4 Nf5 32. Bb2 Nd6 33. Bb3 Nb7 34. Rc4 Qe8 35. Rc7 Qg6+ 36. Kh2 Qe4 37. Re7 Nc5 38. Ba2 Qc2 39. Re8+ Kf7 40. Rb8 Qxf2+ 41. Kh1 Qxe3 42. Rb6 Qxh3+ 43. Kg1 Qe3+ 44. Kh1 Qxf4 45. Kg1 h5 0-1

[Event "Schwaebisch Gmuend op"]
[Site "Schwaebisch Gmuend"]
[Date "1997.??.??"]
[Round "3"]
[White "Tauber, Manfred"]
[Black "Schnabel, Andreas"]
[Result "1/2-1/2"]
[WhiteElo "2215"]
[BlackElo "2010"]
[PlyCount "80"]
[EventDate "1997.??.??"]
[Source "www.chesslib.no"]
[SourceDate "2004.05.04"]

1. c4 c6 2. d4 d5 3. Nf3 Nf6 4. Nc3 e6 5. e3 Nbd7 6. Be2 dxc4 7. Bxc4 b5 8. Be2 Bb7 9. O-O a6 10. a4 b4 11. Nb1 a5 12. Nbd2 c5 13. Nb3 Be7 14. Bb5 O-O 15. Qe2 Qc7 16. Bd2 Bd5 17. Nxc5 Nxc5 18. dxc5 Bxc5 19. Rfc1 Qd6 20. Be1 Rac8 21. Rd1 Qb8 22. Nd4 Qe5 23. f3 Qg5 24. h4 Qe5 25. Bf2 Bd6 26. f4 Qe4 27. Qf3 Qg6 28. Qg3 Qxg3 29. Bxg3 Ne4 30. Be1 Rc5 31. Bd3 Rfc8 32. Bxe4 Bxe4 33. Nb3 Rd5 34. Rdc1 Rc2 35. Rxc2 Bxc2 36. Nd4 b3 37. Bc3 Rc5 38. Nxc2 bxc2 39. Rc1 Rc4 40. Rxc2 Bc5 1/2-1/2

[Event "Budapest HUN"]
[Site "?"]
[Date "2003.??.??"]
[Round "1"]
[White "Biro David"]
[Black "Pali Gabor"]
[Result "1-0"]
[WhiteElo "2185"]
[BlackElo "2005"]
[PlyCount "83"]
[EventDate "2003.??.??"]
[Source "www.chesslib.no"]
[SourceDate "2004.05.04"]

1. d4 d5 2. c4 c6 3. Nf3 Nf6 4. e3 e6 5. Nc3 Nbd7 6. Bd3 dxc4 7. Bxc4 Nb6 8. Bb3 c5 9. O-O c4 10. Bc2 Be7 11. e4 O-O 12. Qe2 a6 13. Rd1 Qc7 14. Bg5 Re8 15. a4 Bd7 16. a5 Nc8 17. Bh4 Nh5 18. Bxe7 Nf4 19. Qe3 Nxe7 20. Ne5 Nfg6 21. Nxd7 Qxd7 22. Ba4 Nc6 23. Qg5 Qe7 24. Qxe7 Rxe7 25. Bxc6 bxc6 26. Na4 Rb8 27. Nb6 Nf4 28. g3 Nd3 29. Nxc4 Nxb2 30. Rab1 Reb7 31. Rxb2 Rxb2 32. Nxb2 Rxb2 33. Rc1 Kf8 34. Rxc6 Rb4 35. d5 exd5 36. exd5 Rb5 37. d6 Ke8 38. Rxa6 Rd5 39. Ra8+ Kd7 40. a6 Kc6 41. Rf8 Ra5 42. d7 1-0

[Event "Mayors Cup Open"]
[Site "Mumbai IND"]
[Date "2008.05.16"]
[Round "8"]
[White "Vishal, S."]
[Black "Debashis, D."]
[Result "0-1"]
[WhiteElo "1875"]
[BlackElo "2294"]
[PlyCount "86"]
[EventDate "2008.05.11"]
[Source "www.chesslib.no"]
[SourceDate "2004.05.04"]

1. d4 d5 2. c4 c6 3. e3 Nf6 4. Nc3 e6 5. Nf3 Nbd7 6. Be2 dxc4 7. Bxc4 b5 8. Bd3 Bd6 9. O-O O-O 10. Ne4 Nxe4 11. Bxe4 Bb7 12. Bd2 Nf6 13. Bd3 c5 14. dxc5 Bxh2+ 15. Nxh2 Qxd3 16. Bb4 Qe4 17. Qf3 Qxb4 18. Qxb7 Qxc5 19. Rfc1 Qb6 20. Qf3 Rac8 21. Ng4 Nxg4 22. Qxg4 h6 23. Qf4 Qa5 24. Qe5 a6 25. a3 Rxc1+ 26. Rxc1 Qd2 27. Qc3 Rd8 28. b4 Qe2 29. Re1 Qd2 30. Rc1 Qxc3 31. Rxc3 Rd6 32. Kh2 Kh7 33. Kg3 g5 34. Kf3 h5 35. Rc5 Kg6 36. Kg3 h4+ 37. Kf3 f5 38. Rc8 Rd7 39. Rc6 Kf6 40. Rxa6 g4+ 41. Kf4 h3 42. gxh3 gxh3 43. Rc6 Rd1 0-1

[Event "Kreuzberg 2000"]
[Site "Berlin"]
[Date "2000.07.26"]
[Round "5"]
[White "Hansen, Kay"]
[Black "Jung, Hans Dr"]
[Result "1/2-1/2"]
[WhiteElo "2227"]
[BlackElo "1937"]
[PlyCount "143"]
[EventDate "2000.07.??"]
[Source "www.chesslib.no"]
[SourceDate "2004.05.04"]

1. d4 d5 2. c4 c6 3. Nc3 Nf6 4. Nf3 e6 5. e3 Nbd7 6. Be2 dxc4 7. Bxc4 b5 8. Be2 Bb7 9. O-O Be7 10. b3 O-O 11. Bb2 a6 12. Rc1 Rc8 13. Qd2 c5 14. Rfd1 Qb6 15. Qe1 cxd4 16. exd4 Nd5 17. Ne5 N7f6 18. Nxd5 Bxd5 19. Bd3 Qb7 20. f3 g6 21. Qd2 Nh5 22. Ng4 Bd6 23. Qf2 Qe7 24. Re1 Nf4 25. Bf1 h5 26. Ne5 h4 27. Nd3 Nxd3 28. Bxd3 Qg5 29. Red1 Qf4 30. h3 Qh2+ 31. Kf1 Bg3 32. Qg1 Qxg1+ 33. Kxg1 Bf4 34. Rxc8 Rxc8 35. Kf1 Kg7 36. Ba3 f5 37. Bc5 Kf7 38. Ke2 g5 39. Rb1 Rb8 40. b4 Kf6 41. Ra1 g4 42. hxg4 fxg4 43. Be4 h3 44. Bxd5 exd5 45. fxg4 h2 46. Kf3 Rh8 47. Rh1 Bc7 48. g5+ Ke6 49. Kg4 Kf7 50. g3 Kg6 51. Be7 Re8 52. Bf6 Re2 53. Be5 Bxe5 54. dxe5 Rxe5 55. Rxh2 Re4+ 56. Kf3 Rxb4 57. Rh6+ Kxg5 58. Rxa6 Rc4 59. Ra5 Rc3+ 60. Kf2 Rc2+ 61. Ke3 Kg4 62. Kd3 Rb2 63. Kc3 Rb1 64. Kd4 Kxg3 65. Kxd5 Kf3 66. Kc5 Rb2 67. Kd4 Ke2 68. Kc3 Rb1 69. Kc2 Rb4 70. a3 Ra4 71. Rxa4 bxa4 72. Kc3 1/2-1/2

[Event "BL2 West 0001 (Women)"]
[Site "?"]
[Date "2000.??.??"]
[Round "?"]
[White "Umpfenbach Caroline"]
[Black "Hamelink Desiree"]
[Result "1/2-1/2"]
[WhiteElo "2036"]
[BlackElo "2117"]
[PlyCount "100"]
[EventDate "2000.??.??"]
[Source "www.chesslib.no"]
[SourceDate "2004.05.04"]

1. d4 d5 2. c4 c6 3. Nc3 Nf6 4. e3 dxc4 5. Bxc4 e6 6. Nf3 Nbd7 7. O-O Bb4 8. Bd2 O-O 9. a3 Ba5 10. Re1 Bc7 11. e4 e5 12. Bg5 Nb6 13. Bb3 exd4 14. Nxd4 h6 15. Bh4 Be5 16. Nde2 Qc7 17. Bg3 Bxg3 18. Nxg3 Nfd7 19. h3 Nc5 20. Ba2 Rd8 21. Qh5 Nd3 22. Re3 Nf4 23. Qf3 Be6 24. Bxe6 Nxe6 25. Nf5 Nc4 26. Re2 Nd4 27. Nxd4 Rxd4 28. Rd1 Rad8 29. Rxd4 Rxd4 30. Rc2 Qd6 31. Qe2 b5 32. g3 a5 33. Qg4 Qd8 34. a4 bxa4 35. Ne2 Ne5 36. Qf5 Rc4 37. Rxc4 Nxc4 38. Nd4 Qc7 39. Qc5 Nxb2 40. Nxc6 Kh7 41. e5 a3 42. Qxa3 Qxc6 43. Qxb2 Qc4 44. Qb1+ g6 45. Qd1 a4 46. e6 Qxe6 47. Qxa4 Qxh3 48. Qc4 Qf5 49. Qc3 h5 50. Qd4 Qb1+ 1/2-1/2